000 00211 a2200109 4500
020 _a9788426412386
041 _aspa
100 _aUmberto Eco
245 _aLa Isla del Dia De Antes
942 _cBK
952 _71
999 _c22507
_d22507